| 000 | 00819cam a2200253 i 4500 | ||
|---|---|---|---|
| 001 | 1273071 | ||
| 003 | GBCCL | ||
| 005 | 20241126110428.0 | ||
| 008 | 760331s1975 mou 000 0 eng | ||
| 010 | _a 75034644 | ||
| 020 |
_a0882438913 : _c$1.25 |
||
| 040 |
_aDLC _cDLC _dDLC |
||
| 050 | 1 | 0 |
_aBS2665.2 _b.B37 |
| 082 | 0 | 0 |
_a227.106 _bBAR |
| 100 | 1 |
_aBarney, Kenneth D. _94938 |
|
| 245 | 1 | 0 |
_aFreedom, a guarantee for everybody : _badapted from Romans by G. Raymond Carlson / _cKenneth D. Barney. |
| 260 |
_aSpringfield, Mo. : _bGospel Pub. House, _cc1975. |
||
| 300 |
_a125 p. ; _c18 cm. |
||
| 490 | 0 | _aRadiant books | |
| 630 | 0 | 0 |
_aBible. _pRomans _xCriticism, interpretation, etc. _94939 |
| 700 | 1 |
_aCarlson, G. Raymond. _tRomans. _94940 |
|
| 906 |
_a7 _bcbc _corignew _d2 _eocip _f19 _gy-gencatlg |
||
| 942 |
_2ddc _cBK _01 |
||
| 999 |
_c2384 _d2384 |
||